| 000 | 00612nam a2200205Ia 4500 | ||
|---|---|---|---|
| 005 | 20231103140918.0 | ||
| 008 | 131103s9999 xx 000 0 und d | ||
| 020 |
_a670999490 _cRs 595 |
||
| 040 | _aLoreto College | ||
| 041 | _aEnglish | ||
| 082 |
_a320.954 _bIND |
||
| 245 |
_aIndia empowered _b Change agents speak on an idea whose time has come _cWith an introduction by Shekhar Gupta |
||
| 260 |
_aNew Delhi _bPenguin, Viking _c2006 |
||
| 300 | _axx,375p | ||
| 504 | _aWith an introduction by Shekhar Gupta | ||
| 650 | _aIndia, History | ||
| 651 | _aIndia, Politics | ||
| 850 | _aLCLIB | ||
| 942 | _cBK | ||
| 999 |
_c15157 _d65636 |
||